| 000 | 01161nam a2200313 i 4500 | ||
|---|---|---|---|
| 001 | 194362 | ||
| 003 | ES-MaACL | ||
| 005 | 20260216183914.0 | ||
| 007 | ta | ||
| 008 | 240429s2009 sp ||||| |||| 00| 0 spa d | ||
| 020 | _a9788493693091 | ||
| 040 | _cES-MaACL | ||
| 100 | 1 |
_aRamos Rubio, José Antonio, _d1963- _9174430 |
|
| 245 | 1 | 0 |
_aCáceres, ciudad inmemorial / _cpor José Antonio Ramos Rubio. |
| 260 | _c2009 | ||
| 264 | 1 |
_aMadrid : _bEdiciones Amberley, _c[2009] |
|
| 264 | 4 | _c@2009 | |
| 300 |
_a128 páginas : _bilustraciones (blanco y negro) ; _c24 cm |
||
| 500 | _aCatalogación provisional. Signatura: N 8657. Depósito J. | ||
| 651 | 4 |
_97911 _aCáceres- _vObras ilustradas |
|
| 651 | 7 |
_9146016 _aCáceres- _vGuías turísticas |
|
| 852 |
_aES-MaACL _bR.155065 _cDEPOJ _jN-8657 _xRústica _9202041 _hDonación: José Antonio Ramos Rubio _zEn proceso |
||
| 903 |
_aRamos Rubio, José Antonio, _d1963- _ednr _9174430 |
||
| 942 | _cMONOGRAFIA | ||
| 999 |
_c194362 _d194362 |
||